[Event "IM Marmaris Karia VI 2019"]
[Site "Marmaris"]
[Date "2019.04.24"]
[Round "3.4"]
[White "Arda, Cagil Irmak"]
[Black "Morozov, Nichita"]
[Result "0-1"]
[WhiteElo "2070"]
[BlackElo "2398"]
[Annotator "TA"]
[PlyCount "56"]
[EventDate "2019.04.24"]
[EventType "schev"]
[EventCountry "TUR"]
[SourceTitle "playchess.com"]
[Source "ChessBase"]
[SourceQuality "1"]

{[%evp 10,56,35,14,34,6,14,0,8,-12,28,4,28,-2,0,-61,-54,-52,-52,-86,-85,-113,-106,-127,-137,-120,-42,-127,-116,-174,-162,-162,-163,-172,-172,-206,-212,-357,-352,-349,-340,-385,-365,-435,-399,-645,-645,-729,-728]} 1. e4 g6 2. d4 Bg7 3. Nc3 d6 4. f4 Nf6 5. Nf3 O-O 6. a3 Nc6 {B09: Pirc Defence: Austrian Attack} 7. d5 (7. Be2 d5 8. e5 Ne4 9. Bd3 f5 10. O-O e6 11. Be3 b6 12. Ng5 Nxg5 13. fxg5 {1-0 (46) Van Foreest,J (2612)-Fedoseev,V (2724) Wijk aan Zee 2019}) 7... Nb8 8. Bc4 c6 {The position is equal.} 9. Be3 a6 $146 ({Predecessor:} 9... b5 10. Bb3 Bb7 11. O-O a5 12. Re1 Nbd7 13. dxc6 Bxc6 14. Nd4 Bb7 15. Ndxb5 Nxe4 16. Nxe4 Bxe4 17. Bd4 Rb8 {½-½ (17) Sukhorskij,V (2128)-Torell,H (2115) LSS email 2013}) 10. O-O b5 11. Be2 Bb7 12. Kh1 (12. f5 $11) 12... cxd5 $15 13. exd5 Nbd7 {[%cal Bb8d7,Bd7b6,Bb6c4][%mdl 32]} 14. Ng5 Nb6 {[%cal Rf6d5]} 15. Bf3 Nc4 16. Bc1 Rc8 17. Qd3 Qa5 (17... Qc7 $17 18. Nd1 Qb8) 18. Ne2 (18. Rb1 $15) 18... Qc7 $36 {[%mdl 2048] White is under strong pressure.} 19. Rb1 (19. Nc3 $17 {is a better defense.}) 19... h6 $19 20. Nh3 Nb6 21. Nc3 Qc4 22. Qxc4 Nxc4 ({Don't play} 22... Rxc4 23. Rd1) 23. Re1 {[#]} (23. Ne2 $142) 23... Nxa3 $1 {[%mdl 576] Deflection} 24. bxa3 Rxc3 25. Rxe7 Bxd5 26. Bxd5 Nxd5 27. Re2 $2 {[#]} (27. Re1) 27... Rxh3 $1 {[%mdl 576] Clearance} 28. gxh3 Nc3 $1 {[%csl LRb1,LRe2][%mdl 64] Double Attack. Accuracy: White = 12%, Black = 76%.} 0-1

[Event "IM Marmaris Karia VI 2019"]
[Site "Marmaris"]
[Date "2019.04.24"]
[Round "3.5"]
[White "Kizilkus, Akin"]
[Black "Sibashvili, Giorgi"]
[Result "0-1"]
[WhiteElo "2018"]
[BlackElo "2398"]
[Annotator "TA"]
[PlyCount "34"]
[EventDate "2019.04.24"]
[EventType "schev"]
[EventCountry "TUR"]
[SourceTitle "playchess.com"]
[Source "ChessBase"]
[SourceQuality "1"]

{[%evp 21,34,14,31,-93,-87,-86,-82,-142,-150,-286,-271,-390,-386,-376,-383]} 1. d4 d5 2. c4 e6 3. Nc3 c6 4. e3 Nf6 5. Nf3 Nbd7 6. Qc2 Bd6 7. b3 O-O 8. Be2 e5 9. cxd5 Nxd5 10. Nxd5 cxd5 11. dxe5 Nxe5 12. O-O $146 {D45: Semi-Slav: 5 e3} (12. Bb2 $14 {keeps the upper hand.} Bb4+ 13. Kf1 Nxf3 14. Bxf3) (12. Bb2 Bb4+ 13. Kf1 Nxf3 14. Bxf3 Be6 15. Qd3 Be7 16. h4 Bf6 17. Bd4 Rc8 18. g3 Bxd4 19. Qxd4 Qa5 20. Kg2 {½-½ (60) Ghaem Maghami,E (2566)-Tabatabaei,M (2507) Moscow 2017}) 12... Nxf3+ $1 $17 {[%mdl 64] Discovered Attack} 13. Bxf3 Qh4 {[%csl Gd6][%cal Rh4h2]} 14. g3 (14. h3 $142) 14... Qf6 $1 {[%csl LRa1,LRf3][%mdl 64] Double Attack} 15. Bxd5 {[#]} (15. Bg2 $17 Bf5 16. e4 Qxa1 17. exf5) 15... Bf5 $1 $19 {[%cal Rf5c2]} ({Stronger than} 15... Qxa1 16. Bb2 $16) 16. Qe2 ({But not} 16. Qb2 Be5 $19) (16. Bb2 $142 Bxc2 17. Bxf6 gxf6 18. Bxb7) 16... Qxa1 17. Bb2 {[#]} Bd3 $1 {[%mdl 64] Skewer} 0-1

[Event "IM Marmaris Karia VI 2019"]
[Site "Marmaris"]
[Date "2019.04.24"]
[Round "4.1"]
[White "Guseynov, Alihan"]
[Black "Suleymanli, Aydin"]
[Result "0-1"]
[WhiteElo "2340"]
[BlackElo "2334"]
[Annotator "TA"]
[PlyCount "66"]
[EventDate "2019.04.24"]
[EventType "schev"]
[EventCountry "TUR"]
[SourceTitle "playchess.com"]
[Source "ChessBase"]
[SourceQuality "1"]

{[%evp 14,66,0,-1,0,8,18,0,15,0,12,-8,-9,-14,-9,-9,0,0,0,-12,-6,-18,0,0,18,-8,-6,-7,-7,-8,15,0,0,0,0,3,2,0,12,0,0,0,0,0,0,-124,-131,-174,-23,-30,0,-356,-344,-332,-271]} 1. e4 c6 2. d4 d5 3. e5 Bf5 4. Bd3 Bxd3 5. Qxd3 e6 6. Ne2 c5 7. O-O Nc6 8. c3 Qb6 {B12: Caro-Kann: Advance Variation} (8... Rc8 9. Nd2 Nh6 10. Nf3 Nf5 11. Bd2 Be7 12. g4 Nh4 13. Nxh4 Bxh4 14. f4 Be7 15. f5 Qb6 16. fxe6 fxe6 {1-0 (48) Matlakov,M (2700)-Le,Q (2714) St Petersburg 2018}) 9. Nd2 Nge7 10. Nf3 cxd4 {The position is equal.} 11. Nexd4 Nxd4 12. cxd4 Nc6 13. Bd2 $146 ({Predecessor:} 13. Be3 Be7 14. a3 {1-0 (35) Maslow,W (1625)-Werner,T (1825) Erlangen 2003}) 13... Be7 14. a4 a5 15. Rfc1 O-O 16. b3 Rfc8 17. Rc2 Ra6 {[%cal Ba8a6,Ba6b6,Bb6b4][%mdl 32]} 18. Rac1 Rb8 19. h3 h6 20. g4 Qd8 21. Kg2 g6 22. Ng1 Rb6 23. Ne2 Nb4 24. Bxb4 $1 Rxb4 25. Rc7 b5 26. Ra7 Ra8 $1 {[%cal Ra8a7]} 27. Rxa8 Qxa8 28. axb5 Qb7 29. Nc3 (29. Rc3 $11 {remains equal.}) 29... Rxb3 $17 30. Rb1 {[#]} Ra3 $2 ({Black should try} 30... Rxb1 $1 $19 31. Nxb1 a4) 31. Qc2 $11 {Threatens to win with b6.} Bb4 32. Rb3 $2 {[%mdl 8192]} (32. Ne2 $1 $11 Qxb5 33. Qc8+ Kg7 34. Nf4) 32... Rxb3 $19 33. Qxb3 Qb6 {Accuracy: White = 41%, Black = 44%.} 0-1

[Event "IM Marmaris Karia VI 2019"]
[Site "Marmaris"]
[Date "2019.04.24"]
[Round "4.2"]
[White "Darban, Morteza"]
[Black "Mammadova, Narmin"]
[Result "1/2-1/2"]
[WhiteElo "2307"]
[BlackElo "2292"]
[Annotator "TA"]
[PlyCount "30"]
[EventDate "2019.04.24"]
[EventType "schev"]
[EventCountry "TUR"]
[SourceTitle "playchess.com"]
[Source "ChessBase"]
[SourceQuality "1"]

{[%evp 16,30,0,0,0,0,0,-7,-4,-14,0,-13,0,-13,0,-7,0]} 1. d4 Nf6 2. Nf3 e6 3. g3 d5 4. Bg2 c5 5. O-O Nc6 6. c3 cxd4 (6... Bd6 7. Bg5 cxd4 8. cxd4 h6 9. Bxf6 Qxf6 10. Nc3 {½-½ (10) Hulak,K (2553)-Sulava,N (2548) Pula 2002}) 7. cxd4 Bd6 8. Nc3 O-O 9. Bg5 {The position is equal.} h6 {D13: Slav Defence: Exchange variation without ...Bf5} 10. Bxf6 Qxf6 11. e3 Bd7 12. Nb5 $146 ({Predecessor:} 12. a3 Rac8 13. Rc1 Na5 14. Nd2 b5 15. b4 Nc4 16. Nxc4 Rxc4 17. Ne2 {½-½ (29) Farokhi,K (1726)-Schramm,B (2036) Kiel 2017}) 12... Bb8 13. Nc3 Bd6 14. Nb5 Bb8 15. Nc3 Bd6 1/2-1/2

[Event "IM Marmaris Karia VI 2019"]
[Site "Marmaris"]
[Date "2019.04.24"]
[Round "4.4"]
[White "Sibashvili, Giorgi"]
[Black "Arda, Cagil Irmak"]
[Result "1-0"]
[WhiteElo "2398"]
[BlackElo "2070"]
[Annotator "TA"]
[PlyCount "49"]
[EventDate "2019.04.24"]
[EventType "schev"]
[EventCountry "TUR"]
[SourceTitle "playchess.com"]
[Source "ChessBase"]
[SourceQuality "1"]

{[%evp 17,49,8,17,12,51,54,47,33,161,141,126,142,176,167,292,250,245,234,288,283,279,288,356,357,347,358,426,380,396,395,367,324,825,813]} 1. d4 Nf6 2. c4 e6 3. Nc3 Bb4 4. e3 O-O 5. Bd3 d5 6. Nf3 b6 7. O-O Bb7 8. cxd5 exd5 9. Ne5 Nbd7 10. f4 {E52: Nimzo-Indian: Rubinstein: 4...0-0 5 Nf3 d5 6 Bd3 b6} Ne4 (10... c5 11. Ne2 c4 12. Bc2 Ne8 13. Rf3 Ndf6 14. Nc3 Bc8 15. Nc6 Qd6 16. Nxb4 Qxb4 17. h3 Bb7 18. Bd2 Qe7 {1-0 (89) Navara,D (2741)-Kryvoruchko,Y (2711) Linares 2018}) 11. Nxe4 dxe4 12. Bc4 {Threatens to win with Nxf7.White is slightly better.} c5 $146 (12... Qe7 $14) ({Predecessor:} 12... Bd6 13. Qb3 Qe7 14. Bd5 Bxd5 15. Qxd5 Nf6 16. Qc6 Qe6 17. Bd2 Bxe5 18. Qxe6 fxe6 19. dxe5 {0-1 (58) Zhukova,N (2459)-Zhao,X (2552) Khanty-Mansiysk 2014}) 13. Nxf7 $18 Rxf7 14. a3 Ba5 15. b4 cxb4 (15... Nf6 {keeps fighting.}) 16. axb4 Bxb4 {aiming for ...Qe7.} 17. Bxf7+ Kxf7 18. Qb3+ {[%mdl 64] [#] Double Attack} Ke8 19. Qxb4 Qe7 20. Qb5 a5 21. Ba3 Qe6 22. Qh5+ {[%mdl 64] Double Attack} Qg6 23. Qh4 {[%csl Ga3][%cal Rh4e7]} Nf6 24. Rfc1 Nd5 $2 {[#]} (24... Rc8 25. Rxc8+ Bxc8) 25. Rc7 $1 {[%mdl 512] Accuracy: White = 100%, Black = 20%.} 1-0

[Event "IM Marmaris Karia VI 2019"]
[Site "Marmaris"]
[Date "2019.04.24"]
[Round "4.5"]
[White "Simantsev, Mikhail"]
[Black "Kizilkus, Akin"]
[Result "1-0"]
[WhiteElo "2395"]
[BlackElo "2018"]
[Annotator "TA"]
[PlyCount "93"]
[EventDate "2019.04.24"]
[EventType "schev"]
[EventCountry "TUR"]
[SourceTitle "playchess.com"]
[Source "ChessBase"]
[SourceQuality "1"]

{[%evp 13,93,49,39,48,59,62,50,36,60,20,27,-55,0,0,24,21,15,-34,-14,-15,-1,-56,0,-133,-120,-123,-115,-301,53,57,102,0,0,0,0,0,0,0,0,0,0,0,0,0,38,0,0,0,0,0,0,0,0,0,0,0,0,0,0,0,0,0,0,0,0,0,214,12,24,37,785,254,819,819,6195,6195,29993,29994,29997,29998,29998,29999]} 1. d4 Nf6 2. c4 g6 3. Nc3 Bg7 4. e4 d6 5. h3 O-O 6. Nf3 e5 7. d5 Nh5 8. g3 {E90: King's Indian: Classical: Early deviations and 6 h3} f5 (8... Na6 9. Nh2 Nc5 10. Be3 a5 11. Be2 Nf6 12. Bf3 Ne8 13. g4 f5 14. gxf5 gxf5 15. exf5 Bxf5 16. Bxc5 dxc5 {½-½ (79) Postny,E (2623)-Guseinov,G (2664) chess.com INT 2019}) 9. exf5 gxf5 10. Nh4 {White is slightly better.} Nf6 11. Be3 Na6 12. Qc2 ({White should play} 12. Qd2 $11) 12... f4 $146 {White must now prevent ...Nb4.} ({Predecessor:} 12... Nb4 13. Qd2 a5 14. O-O-O Bd7 15. a3 Na6 16. Bd3 e4 {½-½ (34) Schlosser,P (2501)-Rasik,V (2458) Pardubice 2018}) 13. Bd2 $1 fxg3 14. fxg3 c6 15. Be2 Bd7 16. Bg5 Qa5 {[%cal Rc6d5]} 17. O-O-O (17. O-O $11) 17... cxd5 ({Better is} 17... Nb4 $15 18. Qb3 cxd5 19. Bxf6 Bxf6 20. Nxd5 Nxd5 21. Rxd5 Qc7) 18. cxd5 (18. Bxf6 $1 $11 {was the only way to keep the balance.} Rxf6 19. Rxd5) 18... b5 {aiming for ...b4.} 19. Bxf6 Bxf6 20. Bg4 $2 (20. Rdf1 $17 Rac8 21. Kb1) 20... Rad8 $2 (20... b4 $1 $19 {[%cal Rb4c3]} 21. Bxd7 bxc3) 21. Kb1 $14 Nc5 {[#]} 22. Ne4 (22. Bxd7 $1 $16 Rxd7 23. Nf5) 22... Nxe4 $11 23. Qxe4 Bxh4 24. Bxd7 Rxd7 25. Qg4+ Rg7 26. Qe6+ Kh8 27. gxh4 Qb4 {( -> ...Rg2)} 28. Rhf1 Rfg8 29. a3 Qe4+ ({Much weaker is} 29... Qxh4 30. Qxd6 Qe7 31. Qa6 $16) 30. Ka1 Rg6 31. Qd7 {h5 is the strong threat.} Qxh4 32. Qxb5 Qxh3 33. Rh1 Qe3 34. Qd7 {[%csl Gd7][%cal Rh1h7]} R8g7 35. Qe8+ Rg8 36. Qf7 {[%csl Gf7][%cal Rh1h7]} h6 37. Rc1 R8g7 38. Rc8+ Kh7 $1 39. Qf8 $40 {[%csl Gc8][%cal Rf8h8][%mdl 128] White mounts an attack.} Rg1+ $2 {[#]} (39... Rg8 $11 {and Black stays safe.} 40. Rc7+ Kh8) 40. Rxg1 $2 (40. Ka2 $1 $18 Rg8 41. Qf5+ Kh8 42. Qf6+ Kh7 43. Rc7+ R8g7 44. Qf5+ Kh8 45. Qf8+ Kh7 46. Qf5+ Kh8 47. Qc8+ Kh7 48. Qf5+) 40... Qxg1+ $18 {[%mdl 4096] Endgame KQR-KQR} 41. Ka2 {Threatens to win with Qh8+.} Qb6 $2 {[%mdl 8192]} (41... Qg4 $14) 42. Qf5+ Rg6 {If Black can now play ...Qb7 this consolidates a bit.} 43. Re8 {Re7+ would kill now.} Qc7 44. Re6 Qc4+ {[#]} 45. Kb1 $1 {[%mdl 512] White mates.} Qg4 46. Re7+ {[%mdl 64] Double Attack} Kh8 47. Qf8+ {Accuracy: White = 51%, Black = 48%.} 1-0

[Event "IM Marmaris Karia VI 2019"]
[Site "Marmaris"]
[Date "2019.04.25"]
[Round "5.1"]
[White "Suleymanli, Aydin"]
[Black "Darban, Morteza"]
[Result "1-0"]
[WhiteElo "2334"]
[BlackElo "2307"]
[Annotator "TA"]
[PlyCount "51"]
[EventDate "2019.04.24"]
[EventType "schev"]
[EventCountry "TUR"]
[SourceTitle "playchess.com"]
[Source "ChessBase"]
[SourceQuality "1"]

{[%evp 18,77,9,18,18,26,37,6,62,58,122,118,111,99,199,197,190,112,139,158,529,529,509,522,497,499,527,527,523,530,497,311,297,280,349,345,368,359,437,438,423,431,416,439,503,506,488,529,507,465,494,464,614,605,763,625,737,710,682,666,29990,29991]} 1. d4 Nf6 2. c4 e6 3. Nc3 d5 4. Bg5 Be7 5. e3 O-O 6. Qc2 c6 7. cxd5 exd5 8. Bd3 Nbd7 9. Nge2 Re8 10. O-O b6 {D36: Queen's Gambit Declined: Exchange Variation: Main line (5 Bg5 c6 6 Qc2)} (10... Nf8 11. Rab1 g6 12. b4 a6 13. a4 Ne6 14. Bh4 Ng7 15. b5 axb5 16. axb5 Bf5 17. Bxf5 Nxf5 18. Bxf6 Bxf6 19. bxc6 bxc6 {1-0 (79) Indjic,A (2599)-Yilmaz,M (2630) Valjevo 2018}) 11. f3 Bb7 $146 ({Predecessor:} 11... h6 12. Bh4 Bb7 13. Bg3 Bf8 14. Qd2 a6 15. Rad1 b5 16. Rfe1 g6 17. Bb1 Nb6 18. Bd3 Rc8 19. b3 c5 20. dxc5 Bxc5 {1-0 (81) Trachtmann,M (2289)-Gheng,J (2307) Wuerttemberg 2016}) 12. Ng3 Nf8 (12... g6 $11) 13. Nf5 $14 g6 ({Better is} 13... h6 $14 14. Bh4 (14. Nxe7+ Qxe7 15. Bh4 Qxe3+ {[%mdl 64] Double Attack} 16. Bf2 Qg5 $15) 14... Ne6) 14. Nxe7+ $16 Qxe7 15. Ne4 $36 {[%mdl 2048] White is really pushing.} N8d7 (15... dxe4 $16 {might work better.} 16. fxe4 N8d7) 16. Nxf6+ $18 Nxf6 {[#]} 17. Qf2 (17. e4 $1 $18) 17... Kg7 18. Qh4 {e4! is the strong threat.} Qd6 $2 (18... Qe6 $16 {is tougher.} 19. e4 Ng8) 19. Bf4 Qd8 {intending ...Nh5.} 20. Bh6+ ({Less strong is} 20. Qh6+ Kg8 $16) 20... Kg8 21. Bg5 Re6 {[#]} 22. f4 $1 {[%cal Rf4f5] Hoping for f5.} Qd6 {Now ...Ne4 and Black clings on.} 23. f5 Re4 24. Bf4 Qd8 25. fxg6 ({Don't take} 25. Bxe4 $6 Nxe4 26. Qxd8+ Rxd8 $16) 25... fxg6 26. Qf2 {Played: Qh4-g5} 1-0

[Event "IM Marmaris Karia VI 2019"]
[Site "Marmaris"]
[Date "2019.04.25"]
[Round "5.2"]
[White "Mammadova, Narmin"]
[Black "Morozov, Nichita"]
[Result "1/2-1/2"]
[WhiteElo "2292"]
[BlackElo "2398"]
[Annotator "TA"]
[PlyCount "60"]
[EventDate "2019.04.24"]
[EventType "schev"]
[EventCountry "TUR"]
[SourceTitle "playchess.com"]
[Source "ChessBase"]
[SourceQuality "1"]

{[%evp 12,60,5,-29,24,-7,0,-16,52,41,81,-15,-20,-50,-26,-63,-9,-60,-43,-66,-45,-46,0,0,0,-2,-9,-35,-43,-31,-10,-10,0,0,0,0,0,0,0,0,0,0,0,0,0,0,0,0,0,0,0]} 1. e4 e5 2. Nf3 Nc6 3. d4 exd4 4. Nxd4 Bc5 5. Be3 Qf6 6. c3 Nge7 7. Nc2 b6 {C45: Scotch Game} (7... d6 $142) (7... d6 8. Bxc5 dxc5 9. Ne3 O-O 10. Nd2 Qg6 11. f4 f5 12. Bc4+ Kh8 13. e5 Qh6 14. Qf3 Be6 15. O-O-O Rad8 {½-½ (37) Morozevich,A (2683)-Kamsky,G (2670) Kazan 2016}) 8. Be2 (8. Bb5 {looks sharper.} a6 9. Bd3 Ne5 10. O-O Bb7 11. f4) 8... O-O 9. O-O Ng6 $146 ({Black should play} 9... Rd8 $11) ({Predecessor:} 9... Qg6 10. Nd2 Bxe3 11. Nxe3 d6 12. f4 f5 13. Bf3 Bd7 14. Qe2 Kh8 15. Rae1 {1-0 (49) Strikovic,A (2467)-Ciruk,J (2240) Dos Hermanas 2003}) 10. Nd2 Bb7 11. Nc4 (11. g3 $16) 11... Nce5 $11 12. Nxe5 Qxe5 13. f3 Nf4 ({Better is} 13... f5 $15 14. g3 (14. Qxd7 fxe4 15. Bd4 exf3 $17) 14... Rad8) 14. Bxc5 (14. Bc4 $11) 14... Qxc5+ $15 15. Kh1 d5 (15... Qg5 {feels hotter.} 16. Rf2 Rad8 17. Qc1 Qe5 18. Bf1 d5) 16. exd5 Qxd5 (16... Rad8 {keeps more tension.} 17. Qd2 Nxe2 18. Qxe2 Rfe8 19. Qd2 Rxd5 20. Nd4 Qf8) 17. Qxd5 Bxd5 18. Ba6 Rad8 19. Ne3 Be6 20. Rf2 Nd5 21. Nxd5 {The position is equal.} Rxd5 22. Bc4 Rd6 23. Bxe6 Rxe6 $11 {[%mdl 4096] Endgame KRR-KRR} 24. Rd1 Rfe8 25. Kg1 Re1+ 26. Rxe1 Rxe1+ 27. Rf1 Re2 28. Rf2 $1 {[%cal Rf2e2]} Re1+ 29. Rf1 Re2 30. Rf2 $1 {[%cal Rf2e2]} Re1+ {Accuracy: White = 43%, Black = 37%.} 1/2-1/2

[Event "IM Marmaris Karia VI 2019"]
[Site "Marmaris"]
[Date "2019.04.25"]
[Round "5.3"]
[White "Atakishiyev, Elmar"]
[Black "Sibashvili, Giorgi"]
[Result "1/2-1/2"]
[WhiteElo "2114"]
[BlackElo "2398"]
[Annotator "TA"]
[PlyCount "62"]
[EventDate "2019.04.24"]
[EventType "schev"]
[EventCountry "TUR"]
[SourceTitle "playchess.com"]
[Source "ChessBase"]
[SourceQuality "1"]

{[%evp 12,62,21,16,27,-26,-19,-24,-16,-31,-24,-50,-48,-61,0,-8,-9,-54,-56,-65,-2,-13,10,8,12,2,8,16,22,2,9,0,0,0,0,0,0,0,0,0,0,0,0,0,0,0,0,0,0,0,0,0,0]} 1. d4 d5 2. c4 c6 3. Nf3 Nf6 4. Nc3 dxc4 5. a4 e6 6. e3 c5 7. Bxc4 Nc6 {D16: Slav Defence: 5 a4: Lines with 5...Bg4 and 5...Na6} (7... cxd4 8. exd4 Nc6 9. O-O Be7 10. Bg5 O-O 11. Qd2 b6 12. d5 Na5 13. Ba2 Nxd5 14. Nxd5 exd5 15. Bxe7 Qxe7 16. b4 Nc4 17. Qxd5 {0-1 (79) Navara,D (2740)-Grandelius,N (2655) Porto Carras 2018}) 8. dxc5 (8. Qe2 $142) 8... Qxd1+ $11 9. Kxd1 Bxc5 {Black has an edge.} 10. b3 $146 ({Predecessor:} 10. Ke2 Ke7 {½-½ (10) Szabo,B (2317)-Varga,Z (2440) Budapest 2012}) 10... O-O 11. Bb2 Na5 12. Nd2 Nxc4 (12... b6 $15) 13. Nxc4 b6 14. Ba3 Bxa3 15. Nxa3 Bb7 ({Black should play} 15... Ba6 $15) 16. f3 $1 {The position is equal.} Nd5 (16... Rfc8 {looks sharper.} 17. Rc1 Nd5 18. Kd2 Rd8 19. Ke2 Rac8) 17. Nxd5 {[#] Ne7+ is the strong threat.} Bxd5 18. Kc2 Rfc8+ 19. Kb2 f5 20. Rac1 a6 21. Nc2 Kf7 22. Nb4 Bb7 23. Rhd1 Ke7 24. Nd3 a5 25. Ne5 {[#] Threatens to win with Rd7+.} Bd5 $1 26. f4 h6 27. h4 Rc5 28. g3 Rac8 {Hoping for ...Rxc1.} 29. Rxc5 Rxc5 30. Nd3 Rc7 31. Ne5 Rc5 {Accuracy: White = 48%, Black = 52%.} 1/2-1/2

[Event "IM Marmaris Karia VI 2019"]
[Site "Marmaris"]
[Date "2019.04.25"]
[Round "5.4"]
[White "Arda, Cagil Irmak"]
[Black "Simantsev, Mikhail"]
[Result "0-1"]
[WhiteElo "2070"]
[BlackElo "2395"]
[Annotator "TA"]
[PlyCount "56"]
[EventDate "2019.04.24"]
[EventType "schev"]
[EventCountry "TUR"]
[SourceTitle "playchess.com"]
[Source "ChessBase"]
[SourceQuality "1"]

{[%evp 9,96,-7,2,-20,7,-9,2,-52,-46,-44,-37,-52,-49,-41,-41,-47,-36,-35,0,0,0,0,0,-27,-18,-9,0,-2,7,-19,0,0,0,-55,-50,-50,-48,-52,-43,-85,-83,-128,-120,-167,-167,-159,-154,-154,0,-152,-139,-155,-150,-255,-250,-236,-237,-229,-220,-195,-148,-141,-138,-317,-317,-317,-317,-416,-413,-1681,-1684,-1521,-1441,-29969,-29970,-29966,-29968,-29964,-29965,-6317,-6305,-29976,-29977,-29977,-29978,-29978,-29979,-29979,-29980]} 1. e4 c5 2. Nf3 e6 3. c4 Nc6 4. Nc3 Nd4 5. Nxd4 cxd4 6. Ne2 {B40: Sicilian: 2...e6, Unusual lines} Qb6 (6... Nf6 7. d3 e5 8. Bd2 Qb6 9. Qb3 d6 10. h3 h5 11. g3 Nd7 12. Qxb6 axb6 13. b4 b5 14. cxb5 {0-1 (36) Vratonjic,S (2414)-Perunovic,M (2603) Novi Banovci 2017}) 7. d3 Ne7 (7... Nf6 {is interesting.} 8. Bd2 Be7 9. Qb3 e5 10. Ng3 g6) 8. Qb3 $146 (8. Bd2 $11) ({Predecessor:} 8. g3 d5 9. exd5 exd5 10. Bg2 Be6 11. O-O dxc4 12. dxc4 Nc6 13. b3 {1-0 (49) Klinova,M (2289)-Ince,S (1861) Antalya 2017}) 8... Qxb3 $15 9. axb3 Nc6 10. Bd2 Rb8 11. f4 b5 12. Ra2 bxc4 13. bxc4 Nb4 14. Bxb4 $1 Bxb4+ 15. Kd1 Bc5 16. Ng3 f6 17. Be2 Bb7 18. Bf3 Ke7 19. Ke2 Bc6 20. Rb1 Rb7 21. Nf1 ({White should try} 21. e5 $1 $11) 21... e5 22. fxe5 fxe5 23. Nd2 Rhb8 24. Ke1 Bb4 25. Ke2 a5 26. b3 Bc3 27. Rc1 Ra7 28. Rb1 g6 {Played: Ra7-b7} 0-1

[Event "IM Marmaris Karia VI 2019"]
[Site "Marmaris"]
[Date "2019.04.25"]
[Round "5.5"]
[White "Kizilkus, Akin"]
[Black "Guseynov, Alihan"]
[Result "1/2-1/2"]
[WhiteElo "2018"]
[BlackElo "2340"]
[Annotator "TA"]
[PlyCount "42"]
[EventDate "2019.04.24"]
[EventType "schev"]
[EventCountry "TUR"]
[SourceTitle "playchess.com"]
[Source "ChessBase"]
[SourceQuality "1"]

{[%evp 20,42,70,73,79,57,39,56,109,97,137,112,117,103,111,99,171,174,169,0,106,0,158,0,104]} 1. d4 g6 2. c4 Bg7 3. Nc3 d6 4. e4 Nf6 5. h3 O-O 6. Bg5 c5 7. d5 b5 8. cxb5 a6 9. a4 Qa5 10. Bd2 axb5 11. Bxb5 Ba6 {E71: King's Indian: 4 e4 d6 5 h3} 12. Nge2 Qb4 13. f3 {[#] Threatens to win with Bxa6.} c4 {[#]} (13... Nfd7 $14) 14. O-O $146 ({Predecessor:} 14. Nd4 Nfd7 15. Nce2 Qc5 16. Be3 Ne5 17. O-O Qb4 18. Bd2 Qc5 19. Be3 {1-0 (42) Stocek,J (2566)-Maris,I (2319) Hoogeveen 2015}) 14... Qc5+ 15. Kh1 Nbd7 16. Bf4 $36 {[%mdl 2048] Black is under strong pressure.} Bxb5 17. axb5 Qb4 {[#]} (17... Nh5 $16) 18. Rb1 $1 $18 Qc5 19. Ra1 (19. Qd2 $18) 19... Qb4 $1 $16 20. Rb1 ({Better is} 20. Qd2) 20... Qc5 $1 21. Ra1 (21. Qd2 $142) 21... Qb4 $1 {Accuracy: White = 41%, Black = 64%.} 1/2-1/2